10 Animaux commençant par un F - Statistiques

Statistiques générales
  • Ce quiz a été pris 45 fois
  • Le résultat moyen est 4 sur 10
Statistiques - réponses
Animal % Correct
2 Faon
83%
8 Fourmi
65%
1 Faisan
50%
10 Furet
43%
3 Faucon
38%
4 Flamant Rose
33%
7 Fouine
28%
9 Frelon
28%
5 Flétan
20%
6 Fou de Bassan
20%
Aucun quiz correspondant
Distribution des résultats
% des personnes avec chaque résultat
Percentile par nombre de réponses
Votre historique - résultats
Vous n’avez pas pris ce quiz